00387nam a2200133 450000500170000010000320001724500690004926400300011830000180014833600220016633700240018833800240021299900170023620260530113903.01 aEdholm / Ergonomía93252910aLa Biología del trabajo • Biblioteca para el hombre Actual  1bMcGraw Hill Companyc1977 a256 páginas atexto2rdacontent asin medio2rdamedia avolumen2rdacarrier c11857d11857